000 00479cam a22001697a 4500
008 180718b2008 xxu||||| |||| 00| 0 eng d
020 _a8189654144
082 _aB235x54 Ap48H
245 _aPrastuta Prashan
_cEdited by Apporvanandan and Sanjay Shandilya
260 _aNew Delhi
_bDaanish Books
_c2008
300 _a354p.
650 _aMarxian Economics
650 _aEconomics
650 _aCommunism
650 _aSocialism
700 _aApporvanandan and Shandilya, Sanjay
999 _c444903
_d444903